Membres de groupes de rock - Statistiques

Statistiques générales
  • Ce quiz a été pris 12 023 fois
  • Le résultat moyen est 15 sur 32
Statistiques - réponses
Musicien Groupe % Correct
Paul McCartney The Beatles
97%
Freddie Mercury Queen
90%
Kurt Cobain Nirvana
83%
Mick Jagger The Rolling Stones
83%
Sting The Police
71%
Jean-Louis Aubert Téléphone
70%
Bono U2
64%
George Harrison The Beatles
61%
Liam Gallagher Oasis
60%
Jim Morrison The Doors
57%
Angus Young AC/DC
55%
Axl Rose Guns N' Roses
54%
Nicola Sirkis Indochine
51%
Brian May Queen
50%
Phil Collins Genesis
48%
Keith Richards The Rolling Stones
46%
David Gilmour Pink Floyd
45%
Mark Knopfler Dire Straits
40%
Jimmy Page Led Zeppelin
39%
Roger Waters Pink Floyd
36%
Robert Plant Led Zeppelin
33%
Matthew Bellamy Muse
33%
James Hetfield Metallica
30%
Peter Gabriel Genesis
28%
Thom Yorke Radiohead
27%
Robert Smith The Cure
27%
Jack White The White Stripes
26%
Pete Townshend The Who
20%
Brian Wilson The Beach Boys
17%
Joe Strummer The Clash
15%
Don Henley Eagles
10%
Steve Katz Blood, Sweat and Tears
3%
Aucun quiz correspondant
Distribution des résultats
% des personnes avec chaque résultat
Percentile par nombre de réponses
Votre historique - résultats
Vous n’avez pas pris ce quiz